Morir para contarlo : las mejores crónicas del reportero de El Mundo asesinado en Afganistán /
Obra que reúne la selección de crónicas redactadas por quien fuera periodista para El Mundo, Julio Fuentes (1954-2001) asesinado en una emboscada durante la guerra de Afganistán. Sus artículos aquí reunidas dan cuenta de los sucesos de las guerras en Centroamérica, el Golfo, los Balcanes, Kosovo, Ch...
Bewaard in:
| Hoofdauteur: | |
|---|---|
| Formaat: | Boek |
| Taal: | Spaans |
| Gepubliceerd in: |
Madrid, España :
La Esfera de los Libros,
2002, c2002
|
| Editie: | 2a edición |
| Reeks: | (La Esfera Actualidad)
|
| Onderwerpen: | |
| Tags: |
Geen labels, Wees de eerste die dit record labelt!
|
MARC
| LEADER | 00000nam^a2200000^a^4500 | ||
|---|---|---|---|
| 001 | 000260858 | ||
| 005 | 20250521000000.0 | ||
| 009 | 20260310110452.15 | ||
| 020 | |a 84-9734-038-8 | ||
| 037 | |a Acervo Xavier Clavigero | ||
| 041 | |a ESP | ||
| 082 | |a 327. 16 |b FUE | ||
| 100 | |a Fuentes, Julio |e (autor) | ||
| 245 | 1 | 0 | |a Morir para contarlo : |b las mejores crónicas del reportero de El Mundo asesinado en Afganistán / |c J. Fuentes ; pról. de Fernando Múgica. |
| 250 | |a 2a edición | ||
| 264 | 4 | |a Madrid, España : |b La Esfera de los Libros, |c 2002, c2002 | |
| 300 | |a 462 p. | ||
| 336 | |a texto |b txt |2 rdacontenido | ||
| 337 | |a sin mediación |b n |2 rdamedio | ||
| 338 | |a volumen |b nc |2 rdasoporte | ||
| 440 | 3 | |a (La Esfera Actualidad) | |
| 520 | |a Obra que reúne la selección de crónicas redactadas por quien fuera periodista para El Mundo, Julio Fuentes (1954-2001) asesinado en una emboscada durante la guerra de Afganistán. Sus artículos aquí reunidas dan cuenta de los sucesos de las guerras en Centroamérica, el Golfo, los Balcanes, Kosovo, Chechenia y Afganistán, así como de conflictos en Irak, Rusia, Italia y otros países. | ||
| 649 | |a XX | ||
| 650 | |a Corresponsales de Guerra Españoles | ||
| 650 | |a Periodistas Españoles | ||
| 650 | |a Corresponsalías en el Extranjero | ||
| 650 | |a Reporteros Españoles | ||
| 650 | |a Guerra y Paz - |x Tema Principal | ||
| 650 | |a Crónica Periodística | ||
| 650 | |a Artículos Periodísticos | ||
| 650 | |a Conflictos Internacionales | ||
| 650 | |a Comunicación Masiva | ||
| 650 | |a Política Internacional | ||
| 650 | |a Comunicación y Política | ||
| 650 | |a Fuentes, Julio | ||
| 910 | |a Fondo General | ||
| 920 | |a Impresos - Libros | ||
| 930 | |a Colección General | ||
| 905 | |a 101 | ||
| 901 | |a 071796 |b IT1 |c ACC |u 20250521 | ||
| 902 | |a https://opac.biblio.iteso.mx/vufind/Record/000260858 | ||